000 00594cab a2200205 4500
001 WB2610-24
008 090401t1990 xxu||||| |||| 00| 0 eng d
035 _a(Sirsi) u3486
041 _aeng
245 _aInsurers face loss on property loans
260 _c1990
350 _a0
490 _aTimes
_v5/3/90 p42
520 _aGuardian Royal Exchange claims that major loss es on loans made to property companies are likely during the present slump in the property market .
650 _aLENDING
650 _aRECESSION
690 _aInsurance
_96249
942 _n0
948 _c04/03/1997
999 _c2143
_d2143